000
00301nam a2200121Ia 4500
008
240624s9999 xx 000 0 und d
041
_a
eng
082
_a
658.301 ROT
100
_a
ROTHWELL WILLIAM
245
_a
INVALUABLE KNOWLEDGE
260
_c
2011
_a
New Delhi
_b
Tata McGraw - Hill
365
_c
RS
_b
33
999
_c
26363
_d
26363